| 000 | 00000nam##2200000za#4500 |
| 001 | 9.678842 |
| 003 | CaOODSP |
| 005 | 20250506145324 |
| 007 | ta |
| 008 | 150407|1992||||xxc||||| f|0| 0 fre|d |
| 020 | |a0-662-97308-9 |
| 040 | |aCaOODSP|bfre |
| 043 | |an-cn--- |
| 086 | 1 |aA63-1591/1992F |
| 110 | 1 |aCanada.|bAgriculture Canada. |
| 245 | 10|aEngraissement des bovins en parc / |cpar R. Hironaka et B. Freeze. |
| 260 | |aOttawa - Ontario : |bAgriculture Canada |c1992. |
| 300 | |a65p. : |bill., références, tableaux ; |c23 cm. |
| 500 | |aSommaire: Besoins nutritifs des bovins engraissés en parc.--Types d'aliments.--Transformation des aliments.--Troubles d'origine alimentaire.--Gestion des bovins.--Gestion financière.--Aspect économique de l'engraissement.--Conception et installation d'un parc d'engraissement.--Glossaire.--Lectures suggérées. |
| 563 | |aCouverture souple |
| 590 | |a92-24|b1992-06-12 |
| 720 | 1 |aHironaka, R. |
| 720 | 1 |aFreeze, B. |
| 775 | 08|tFeedlot finishing of cattle / |w(CaOODSP)9.645059 |
| 776 | 0#|tEngraissement des bovins en parc / |w(CaOODSP)9.641572 |
| 986 | |aPublication 1591/F |